Meilleur joueur américain chaque année au ballon d'or - Statistiques

Statistiques générales
  • Ce quiz a été pris 166 fois
    70 depuis la dernière actualisation
  • Le résultat moyen est 8 sur 9
Statistiques - réponses
Année Pays Place Joueur % Correct
2008 Argentine 2 Lionel Messi
100%
2004 Brésil 3 Ronaldinho
97%
1996 Brésil 2 Ronaldo
95%
2007 Brésil 1 Kaká
94%
2022 Brésil 8 Vinícius Júnior
94%
2025 Brésil 5 Raphinha
88%
1999 Brésil 1 Rivaldo
85%
2003 Brésil 8 Roberto Carlos
77%
1995 Argentine 20 Gabriel Batistuta
40%
Aucun quiz correspondant
Distribution des résultats
% des personnes avec chaque résultat
Percentile par nombre de réponses
Votre historique - résultats
Vous n’avez pas pris ce quiz depuis la dernière actualisation